Exploring earth science / (Record no. 31785)

000 -LEADER
fixed length control field 01431cam a2200301 i 4500
001 - CONTROL NUMBER
control field 20049985
005 - DATE AND TIME OF LATEST TRANSACTION
control field 20230731112109.0
008 - FIXED-LENGTH DATA ELEMENTS--GENERAL INFORMATION
fixed length control field 171006s2019 nyuab 001 0 eng
010 ## - LIBRARY OF CONGRESS CONTROL NUMBER
LC control number 2017046084
020 ## - INTERNATIONAL STANDARD BOOK NUMBER
International Standard Book Number 9781259638619
040 ## - CATALOGING SOURCE
Original cataloging agency DLC
Language of cataloging eng
Transcribing agency DLC
Description conventions rda
Modifying agency DLC
042 ## - AUTHENTICATION CODE
Authentication code pcc
050 00 - LIBRARY OF CONGRESS CALL NUMBER
Classification number QE 28.3 .R49 2019
082 00 - DEWEY DECIMAL CLASSIFICATION NUMBER
Classification number 550
Edition number 23
100 1# - MAIN ENTRY--PERSONAL NAME
Personal name Reynolds, Stephen J.,
Relator term author.
245 10 - TITLE STATEMENT
Title Exploring earth science /
Statement of responsibility, etc. Stephen J. Reynolds, Arizona State University, Julia K. Johnson, Arizona State University ; contributing authors, Robert V. Rohli, Louisiana State University, Peter R. Waylen, University of Florida, Mark A. Francek, Central Michigan University ; Cynthia C. Shaw, lead illustrator, art director.
250 ## - EDITION STATEMENT
Edition statement Second edition.
300 ## - PHYSICAL DESCRIPTION
Extent xxx, 609 pages :
Other physical details color illustrations, color maps ;
Dimensions 28 cm
500 ## - GENERAL NOTE
General note Includes index.
650 #0 - SUBJECT ADDED ENTRY--TOPICAL TERM
Topical term or geographic name as entry element Earth sciences.
700 1# - ADDED ENTRY--PERSONAL NAME
Personal name Johnson, Julia K.,
Relator term author.
700 1# - ADDED ENTRY--PERSONAL NAME
Personal name Rohli, Robert V.,
Relator term author.
700 1# - ADDED ENTRY--PERSONAL NAME
Personal name Waylen, Peter R.,
Relator term author.
700 1# - ADDED ENTRY--PERSONAL NAME
Personal name Francek, Mark A.,
Relator term author.
906 ## - LOCAL DATA ELEMENT F, LDF (RLIN)
a 7
b cbc
c orignew
d 1
e ecip
f 20
g y-gencatlg
942 ## - ADDED ENTRY ELEMENTS (KOHA)
Source of classification or shelving scheme
Koha item type Hard Covered Materials
Classification part QE 28.3 .R49 2019
Holdings
Withdrawn status Lost status Source of classification or shelving scheme Damaged status Not for loan Home library Current library Shelving location Date acquired Source of acquisition Total Checkouts Full call number Barcode Date last seen Price effective from Koha item type
          MACHAKOS UNIVERSITY LIBRARY MACHAKOS UNIVERSITY LIBRARY Open shelf 31/07/2023 Donation (kimanzi)   QE 28.3 .R49 2019 39624 30/07/2024 31/07/2023 Hard Covered Materials
© Machakos University Library, Along The Highway, Machakos Wote Rd, Machakos, Kenya P.O. Box 136 - 90100 Machakos - Kenya

Tel: ( +254 ) 723 805829 OR Fax : 044-20353 OR Email: library@mksu.ac.ke